| 000 | 00426nam a2200205Ia 4500 | ||
|---|---|---|---|
| 001 | 13600 | ||
| 003 | GE_BSU | ||
| 008 | 181216s||||||||xx |||||||||||||| ||und|| | ||
| 020 | _a0593047036 | ||
| 040 | _cGE_BSU | ||
| 080 | _a821.111-3 | ||
| 100 | _aDanielle,Steel. | ||
| 245 | 4 | _aThe kiss. | |
| 260 | _aLondon. | ||
| 260 | _bBantam press. | ||
| 260 | _c2001 | ||
| 300 | _a346p;24cm. | ||
| 653 | _aThe kiss. | ||
| 942 | _cBK | ||
| 999 |
_c46756 _d46756 |
||